| 000 | 00515cam a2200217 4500 | ||
|---|---|---|---|
| 008 | 000000n2000 000 0 eng u | ||
| 020 | _a0582357160 | ||
| 035 | _a(Sirsi) u107292 | ||
| 050 | _a341.242 | ||
| 100 | _aBoch, Christine | ||
| 245 | _aEC law in the UK. | ||
| 260 |
_aEssex _bLongman _c2000 |
||
| 300 | _axxxii, 247p. ; 24cm. | ||
| 350 | _a16.99 | ||
| 650 | _aEUROPEAN COMMUNITY | ||
| 650 | _aEC | ||
| 650 | _aCOMMUNITY LAW | ||
| 650 | _aUNITED KINGDOM | ||
| 690 | _aLAW-EUROPE | ||
| 942 | _n0 | ||
| 999 |
_c100675 _d100675 |
||